| 000 | 00529nam a22001937a 4500 | ||
|---|---|---|---|
| 005 | 20171214144926.0 | ||
| 010 | _aENG-121892 | ||
| 020 |
_a9789383074877 _c350.00 |
||
| 035 | _aEN-105424 | ||
| 037 | _bDBAD/PUB | ||
| 082 | _aN | ||
| 100 | _aMehta,Ila Arab | ||
| 245 |
_aFence / _cby Ila Arab Mehta ; Translated by Rita Kothari |
||
| 260 |
_aNew Delhi _bZubaan _c2015 |
||
| 270 |
_a128B Shahpur Jat, 1st Floor _bNew Delhi _e110049 |
||
| 300 |
_avii,232p. _c20cm(pbk) |
||
| 700 | _a Kothari,Rita | ||
| 942 |
_2ddc _cEN _hN _mMEH |
||
| 999 |
_c147997 _d147997 |
||